WWE Mattel Figures - Statistics

General Stats
  • This quiz has been taken 844 times
    694 since last reset
  • The average score is 90 of 227
Answer Stats
Series Wrestler % Correct
1 | 5 | 10 | +8 others John Cena
85%
20 John Cena
85%
2 | 8 | 15 | +4 others Kane
75%
1 | 10 | 16 | +2 others Triple H
75%
3 | 7 | 13 | +2 others Undertaker
74%
3 | 12 | 19 | +3 others Randy Orton
68%
6 Edge
62%
1 | 6 | 11 | +4 others Big Show
60%
32 The Rock
60%
4 | 14 | 26 Shawn Michaels
58%
36 CM Pun
57%
2 | 7 | 9 | +8 others Rey Mysterio
55%
6 | 17 | 21 | +3 others The Miz
53%
1 | 5 | 37 Batista
51%
37 Roman Reigns
49%
1 | 7 | 8 | +5 others Kofi Kingston
48%
25 Brock Lesnar
47%
8 | 22 | 36 Christian
47%
7 | 11 | 20 | +3 others Sheamus
47%
11 | 26 | 30 | 35 Daniel Bryan
46%
4 | 10 | 17 | +2 others Dolph Ziggler
46%
3 | 22 | 32 | 38 Chris Jericho
44%
29 Stone Cold
44%
33 Dean Ambrose
42%
18 | 27 | 35 Cody Rhodes
41%
2 | 9 | 17 | +2 others Mark Henry
41%
4 Matt Hardy
39%
12 | 14 | 31 Alberto Del Rio
37%
4 | 14 Goldust
33%
5 | 13 | 21 | +2 others R-Truth
33%
14 Bret Hart
32%
27 | 32 | 37 Ryback
31%
10 | 12 | 15 | +3 others Wade Barrett
31%
24 | 30 AJ Lee
30%
28 Heath Slater
30%
2 | 9 | 16 | +2 others Jack Swagger
30%
12 | 13 | 14 John Morrison
29%
6 | 24 | 38 Drew McIntyre
28%
10 | 17 | 22 | +2 others Zack Ryder
27%
22 Booker T
25%
2 | 18 | 24 | +2 others CM Punk
25%
23 | 30 Santino Marella
25%
18 | 28 | 34 Sin Cara
25%
16 | 29 Eddie Guerrero
24%
4 MVP
24%
6 Ted DiBiase
24%
3 | 33 The Great Khali
23%
21 Beth Phoenix
22%
15 | 27 | 34 Brodus Clay
22%
1 | 9 | 12 | 19 Evan Bourne
21%
19 | 35 Jinder Mahal
21%
26 Randy Savage
21%
16 | 29 Ultimate Warrior
21%
36 Big E Langston
20%
19 Justin Gabriel
20%
9 | 20 Natalya
20%
27 | 32 Antonio Cesaro
19%
19 | 30 Hornswoggle
19%
6 | 18 Kelly Kelly
19%
8 Finlay
18%
25 David Otunga
16%
15 Layla
16%
4 William Regal
16%
28 | 35 Damien Sandow
15%
3 Shelton Benjamin
15%
11 | 25 Eve
14%
9 JTG
14%
36 Fandango
13%
8 Maryse
13%
5 Melina
13%
7 Michelle McCool
13%
28 Tensai
13%
3 Mickie James
12%
2 Vladimir Kozlov
12%
7 | 20 Yoshi Tatsu
12%
17 Alex Riley
11%
36 Kaitlyn
11%
8 Chris Masters
10%
33 Tamina
10%
13 | 38 Vickie Guerrero
10%
13 Ezekiel Jackson
9%
23 Alicia Fox
8%
21 Mason Ryan
8%
18 | 23 Hunico
7%
5 Mike Knox
7%
37 Mr. Perfect
7%
5 The Hurricane
6%
31 Rosa Mendes
5%
37 Zeb Colter
4%
34 Ricardo Rodriguez
3%
11 Skip Sheffield
3%
No matching quizzes found
Score Distribution
Percent of People with Each Score
Percentile by Number Answered
Your Score History
You have not taken this quiz since the last reset